000 00501cam a22001932a 4500
001 025118
003 AR-FADEU
008 311216n1970####xxu####################dd
092 _a101
_bM564
_eJLS
100 _aMerleau-Ponty, Maurice
245 _aElogio de la filosofía : seguido de el lenguaje indirecto y las voces del silencio
260 _aBuenos Aires
260 _bNueva Visión
260 _c1970
300 _a120 p
440 _aEnsayos
650 _aFILOSOFIA/JLS/
942 _cJLS
999 _c30804
_d30804